Η αρχιτεκτονική των συστημάτων βάσεων δεδομένων
Αποθηκεύτηκε σε:
| Κύριος συγγραφέας: | |
|---|---|
| Μορφή: | Βιβλίο |
| Γλώσσα: | Greek |
| Δημοσίευση: |
Αθήνα :
[χ.ό.],
1994.
|
| Έκδοση: | 2η έκδ. |
| Θέματα: | |
| Ετικέτες: |
Προσθήκη ετικέτας
Δεν υπάρχουν, Καταχωρήστε ετικέτα πρώτοι!
|
MARC
| LEADER | 00000cam a2200000 i 4500 | ||
|---|---|---|---|
| 001 | 1/57777 | ||
| 008 | 981218s1994 gr | ||| |||| ||gre|| | ||
| 020 | |a 9608512239 | ||
| 035 | |l 10045794 | ||
| 040 | |a GR-MyUA |b gre |e AACR2 | ||
| 041 | 0 | |a gre | |
| 082 | 0 | |a 005.74 | |
| 100 | 1 | |a Γιαννακουδάκης, Εμμανουήλ Ι. | |
| 245 | 1 | 2 | |a Η αρχιτεκτονική των συστημάτων βάσεων δεδομένων / |c Ε. Ι. Γιαννακουδάκης. |
| 250 | |a 2η έκδ. | ||
| 260 | |a Αθήνα : |b [χ.ό.], |c 1994. | ||
| 300 | |a xiv, 338 σ. : |b εικ. ; |c 24 εκ. | ||
| 504 | |a Περιέχει βιβλιογραφικές παραπομπές και ευρετήριο. | ||
| 650 | 0 | 0 | |a Database design. |
| 852 | |a INST |b SAMOS |e 19981218 |h 005.74 ΓΙΑ |p 005300013682 |q 005300013682 |t BK |y 23 | ||
| 852 | |a INST |b SAMOS |e 19981218 |h 005.74 ΓΙΑ |p 005300013683 |q 005300013683 |t BK |y 0 | ||
| 852 | |a INST |b SAMOS |e 19981218 |h 005.74 ΓΙΑ |p 005300013684 |q 005300013684 |t BK |y 0 | ||
| 852 | |a INST |b SAMOS |e 19981218 |h 005.74 ΓΙΑ |p 005300013685 |q 005300013685 |t BK |y 0 | ||
| 852 | |a INST |b SAMOS |e 19981218 |h 005.74 ΓΙΑ |p 005300013686 |q 005300013686 |t BK |y 0 | ||
| 852 | |a INST |b SYROS |e 20011009 |h 005.74 ΓΙΑ |p 005500000947 |q 005500000947 |t BK |y 0 | ||
| 901 | |a BIBL5-2001-3 | ||
| 901 | |a BIBL-1998-3 | ||
| 909 | |a Ε |b 088435 | ||
| 909 | |a Σ |b 057766 | ||
| 909 | |a Σ |b 057767 | ||
| 909 | |a Σ |b 057768 | ||
| 909 | |a Σ |b 057769 | ||
| 909 | |a Σ |b 057770 | ||
| 922 | |a 3ΕΛΗ |b 199812 |c ΔΩΡ |d ΓΡΑΜΜΑΤΕΙΑ | ||